Famous ACC Quarterbacks - Statistics

General Stats
  • This quiz has been taken 36 times
  • The average score is 15 of 33
Answer Stats
Hint Answer % Correct
Lamar Jackson Louisville
90%
Drake Maye North Carolina
90%
Trevor Lawrence Clemson
84%
Deshaun Watson Clemson
77%
Jameis Winston Florida State
77%
Kenny Pickett Pittsburgh
77%
Aaron Rodgers California
71%
Matt Ryan Boston College
65%
Jared Goff California
65%
Andrew Luck Stanford
65%
Michael Vick Virginia Tech
61%
Jordan Travis Florida State
52%
Daniel Jones Duke
48%
Teddy Bridgewater Louisville
48%
Philip Rivers NC State
48%
Sam Howell North Carolina
48%
John Elway Stanford
45%
Donovan McNabb Syracuse
45%
Joe Montana Notre Dame
42%
Ian Book Notre Dame
39%
Dan Marino Pittsburgh
39%
Devin Leary NC State
35%
Davis Mills Stanford
35%
Tyler Van Dyke Miami
32%
Ken Dorsey Miami
32%
Riley Leonard Duke
26%
Steve Walsh Miami
16%
Garrett Gilbert SMU
13%
Garrett Shrader Syracuse
13%
Riley Skinner Wake Forest
13%
Bryce Perkins Virginia
10%
Shawn Moore Virginia
10%
Joe Hamilton Georgia Tech
6%
No matching quizzes found
Score Distribution
Percent of People with Each Score
Percentile by Number Answered
Your Score History
You have not taken this quiz